Vmware Vspher Powercli Reference / (Record no. 36046)

MARC details
000 -LEADER
fixed length control field 00494nam a22001817a 4500
005 - DATE AND TIME OF LATEST TRANSACTION
control field 20240704130518.0
008 - FIXED-LENGTH DATA ELEMENTS--GENERAL INFORMATION
fixed length control field 240704b |||||||| |||| 00| 0 eng d
020 ## - INTERNATIONAL STANDARD BOOK NUMBER
ISBN 9781118925119
082 ## - DEWEY DECIMAL CLASSIFICATION NUMBER
Classification number 006.8
Item number DEK-V
100 ## - MAIN ENTRY--AUTHOR
Author Name Dekns,Lus
245 ## - TITLE STATEMENT
Title Vmware Vspher Powercli Reference /
Remainder of title Automating vsphare andministration
Statement of responsibility, etc. ill
250 ## - EDITION STATEMENT
Edition statement 2nd ed.
260 ## - PUBLICATION, DISTRIBUTION, ETC.
Place of Publication india
Name of publisher, distributor, etc. wiley
Date of publication, distribution, etc. 2016.
300 ## - PHYSICAL DESCRIPTION
Pages xxx,954p.
500 ## - GENERAL NOTE
General note include index.
650 ## - SUBJECT ADDED ENTRY--TOPICAL TERM
Subject / Department networking
300 ## - PHYSICAL DESCRIPTION
-- ill:
-- 23 cm.
952 ## - LOCATION AND ITEM INFORMATION (KOHA)
-- 0
-- 0
952 ## - LOCATION AND ITEM INFORMATION (KOHA)
-- 0
-- 0
952 ## - LOCATION AND ITEM INFORMATION (KOHA)
-- 0
-- 0
Holdings
Lost status Damaged status Collection code Permanent Location Current Location Shelving Location Date acquired Full Call Number Accession No./Barcode Date last seen Copy number item type Koha item type
    CS/IT Superior Information Resource Center (SIRC) Superior University- Gold Campus Superior Information Resource Center (SIRC) Superior University- Gold Campus Networking 07/04/2024 006.8 DEK-V 2016 17655 07/04/2024 1 BOOK BOOK
    CS/IT Superior Information Resource Center (SIRC) Superior University- Gold Campus Superior Information Resource Center (SIRC) Superior University- Gold Campus Networking 07/04/2024 006.8 DEK-V 2016 17658 07/04/2024 2 BOOK BOOK
    CS/IT Superior Information Resource Center (SIRC) Superior University- Gold Campus Superior Information Resource Center (SIRC) Superior University- Gold Campus Networking 07/04/2024 006.8 DEK-V 2016 17661 07/04/2024 3 BOOK BOOK

Powered by Koha